| 000 | 00466nam a2200157Ia 4500 | ||
|---|---|---|---|
| 008 | 240729s9999 xx 000 0 und d | ||
| 022 | _a2224-7904 | ||
| 245 | 0 | _aSouth African Journal of Enology and Viticulture | |
| 260 | _aSouth Africa | ||
| 260 | _bSouth African Society for Enology and Viticulture | ||
| 650 | _a Plant culture | ||
| 650 | _aAgriculture | ||
| 856 | _uhttps://doaj.org/toc/b46f397c18af4477b5e74b7e78954eeb | ||
| 942 | _2ddc | ||
| 942 | _cDOAJEJ | ||
| 999 |
_c69643 _d69643 |
||
| 945 |
_a1 _bMadushi Gamage _c1 _dMadushi Gamage |
||